000 00921nam a2200205Ia 4500
003 GCL
008 140319s9999 xx 000 0 ara d
040 _aGCL /
_cGCL
082 0 4 _a329.02
_bف م
100 1 _aفؤاد سراج الدين
245 1 0 _aمصر والوفد: خطاب فؤاد سراج الدين رئيس الوفد الجديد فى الاحتفال بذكرى الوعيمين خالدى الذكر سعد زغلول - مصطفى النجاس 23 اغسطس 1983 (هدية من الاديب عبدالفتاح الجمل) /
_cفؤاد سراج الدين
260 _a[S.N] :
_bمطابع الشروق ،
_c1983
300 _a30 ص
490 _aالهيئة العامة للاستعلامات
_v0
650 0 4 _aمعاهدة 1936
650 0 4 _aسعد زغلول
650 0 4 _aمصطفى النحاس
650 0 4 _aمصر - تاريخ - العصر الحديث (1805 - 1956 )
942 _2ddc
_cBK
999 _c41990
_d41990